Fela Kuti Discography - Statistics

General Stats
  • This quiz has been taken 26 times
  • The average score is 28 of 61
Answer Stats
Type Year Name % Correct
Album 1977 Zombie
88%
Album 1975 Expensive Sh*t
81%
Album 1973 Gentleman
75%
Album 1989 Beasts of No Nation
69%
Album 1980 Coffin for Head of State
69%
Collaborative Live Album 1971 Live!
69%
Compilation 1972 Roforofo Fight: Music of Fela
69%
Album 1976 Yellow Fever/Na Poi
69%
Album 1972 Shakara
63%
Album 1973 Afrodisiac
56%
Album 1975 Confusion
56%
Album 1976 Kalakuta Show
56%
Album 1972 Na Poi
56%
Album 1981 Original Suffer-Head
56%
Box Set 1998 Perambulator / Original Sufferhead / Frustration / Power Show
56%
Album 1974 Alagbon Close
50%
Album 1985 Army Arrangement
50%
Album 1980 Authority Stealing
50%
Album 1975 Everything Scatter / Who No Know Go Know
50%
Album 1977 Fear Not For Man
50%
Album 1975 He Miss Road
50%
Album 1980 I.T.T. (International Thief Thief)
50%
Album 1978 No Agreement
50%
Album 1989 O.D.O.O. (Overtake Don Overtake Overtake)
50%
Album 1971 Open & Close
50%
Album 1977 Opposite People
50%
Album 1977 Sorrow Tears and Blood
50%
Album 1986 Teacher Don't Teach Me Nonsense
50%
Album 1976 Upside Down
50%
Album 1992 U.S. (Underground System)
50%
Album 1981 Black President
44%
Album 1976 Excuse O
44%
Album 1971 Fela's London Scene
44%
Compilation 1968 Koola Lobitos 64-68
44%
Live Album 1983 Live in Amsterdam
44%
Collaborative Album 1980 Music of Many Colours
44%
Album 1975 Noise for Vendor Mouth
44%
Album 1977 Stalemate
44%
Reissued Album 1969 The '69 Los Angeles Sessions
44%
Live Album 1977 J.D.D. (Johnny Just Drop) Live!! at Kalakuta Republic
38%
Live Album 2012 Live in Detroit, 1986
38%
Album 1983 Perambulator
38%
Album 1978 Suffering and Shmiling
38%
Reissued Compilation 2009 The Best of the Black President
38%
Album 1976 Unnecessary Begging
38%
Album 1971 Why Black Man Dey Suffer
38%
Compilation 2007 Anthology 1
31%
Compilation 2009 Anthology 2
31%
Album 1976 Before I Jump Like Monkey Give Me Banana
31%
Album 1977 I Go Shout Plenty
31%
Album 1986 I Go Shout Plenty
31%
Reissued Album 1983 Lady
31%
Collaborative Album 1972 Stratavarious
31%
Album 1996 Buy America
25%
Compilation 1999 The Best Best of Fela Kuti
25%
Compilation 2004 The Underground Spiritual Game
25%
Compilation 1969 Lagos Baby 1963-1969
19%
Compilation 1972 Question Jam Answer: Music of Fela Vol. 2
19%
Album 1979 Unkown Soldier
19%
Album 1977 Observation No Crime
13%
Album 1976 Slap Me Make I Get Money
6%
No matching quizzes found
Score Distribution
Percent of People with Each Score
Percentile by Number Answered
Your Score History
You have not taken this quiz